Yüzyılların gerçeği ve mirası (Record no. 1894)

MARC details
000 -BAŞLIK
Sabit Uzunlukta Kontrol Alanı 00939na a2200289 4500
001 - KONTROL NUMARASI
Denetim Alanı 23063
003 - KONTROL NUMARASI IDENTIFIER
Denetim Alanı MIRAKIL
005 - SON İŞLEM TARİHİ VE ZAMANI
Denetim Alanı 20181213154838.0
008 - SABİT-BOY VERİ ELEMANLARI - GENEL BİLGİLER
Sabit Uzunlukta Kontrol Alanı 170531b tu 000 0
020 ## - ULUSLARARASI STANDART KİTAP NUMARASI
Uluslararası Standart Kitap Numarası 9786052950067
040 ## - KATALOGLAMA KAYNAK
Orijinal Kataloglama Ajansı Milas
Kataloglama Dili tur
Metne Dönüştürmek Ajansı TR-AnCHP
041 ## - DİL KODU
Metin / Ses Parça Veya Ayrı Başlığın Dil Kodu tur
082 ## - DEWEY ONLU SINIFLANDIRMA NUMARASI
Sınıflandırma Numarası 909.7
Ürün Numarası T25y 2017
090 ## - SINIFLAMA NUMARASI
Sınıflama Numarası 909.7 T25y 2017
100 ## - ANA GİRİŞ - KİŞİSEL İSİM
Kişisel Ad Tanilli, Server
245 ## - BAŞLIK TABLOSU
Başlık Yüzyılların gerçeği ve mirası
Başlığın Kalan ıv. cilt
-- 18.yüzyıl: aydınlanma ve devrim
Sorumluluk Tablosu, Vb Server Tanilli
246 ## - UNVAN FORM VARYING
Başlık Doğru / Kısa Başlığı 18.yüzyıl: aydınlanma ve devrim
260 ## - YAYIN, DAĞITIM, VB
Yayın, Dağıtım, Vb Yeri İstanbul
Yayıncı, Dağıtıcı, Vs Adı Türkiye İş Bankası Kültür Yayınları
Yayın, Dağıtım, Vb Tarihi 2017
300 ## - FİZİKSEL TANIM
Kapsam c.ıv, 524 s.
Boyutlar 23 sm.
440 ## - SERİSİ TABLOSU / KATMA GİRİŞİ - BAŞLIK
Başlık Türkiye İş Bankası Kültür Yayınları
Hacim / Ardışık Tanımı 3775
504 ## - KAYNAKÇA VB NOT
Kaynakça Vb Notu Kaynakça ve dizin var.
650 ## - KONU KATMA GİRİŞ - TOPİKAL DÖNEM
Topikal Süreli Veya Coğrafi Ad Giriş Elemanı Fransız Devrimi
650 ## - KONU KATMA GİRİŞ - TOPİKAL DÖNEM
Topikal Süreli Veya Coğrafi Ad Giriş Elemanı Aydınlanma (felsefe)
Genel Alt Bölümü 18. yy.
650 ## - KONU KATMA GİRİŞ - TOPİKAL DÖNEM
Topikal Süreli Veya Coğrafi Ad Giriş Elemanı Dünya
Genel Alt Bölümü Tarih
Kronolojik Alt Bölümü 18. yy.
740 ## - KATMA GİRİŞ - KONTROLSUZ İLGİLİ / ANALİTİK BAŞLIK
Kontrol Edilmeyen / İlgili Analitik Başlıktaki 18.yüzyıl: aydınlanma ve devrim
942 ## - EKLENDİ GİRİŞ ELEMANLARI (KOHA)
Sınıflandırma Veya Raf Düzeni Kaynak Dewey Decimal Classification
Koha Öğesi Türü Books
999 ## - SİSTEM KONTROL NUMARALARI (KOHA)
Koha Biblionumber 1894
Koha Biblioitemnumber 1894
Holdings
Kalıcı Konum Mevcut Konum Edinme Tarihi Edinim Kaynak Toplam Check-Out'Lar Toplam Yenileme Tam Çağrı Numarası Barkod Tarih Son Görülme Tarihi Geçen Teslim İtibaren Geçerli Fiyatlar Koha Öğesi Türü
CHP Kütüphanesi CHP Kütüphanesi 05/30/2017 Bağış 2 1 909.7 T25y 2017 017032 08/02/2021 06/03/2021 05/30/2017 Books